Nemecko-russkij ekonomičeskij slovar' okolo 45 000 terminov

Uložené v:
Podrobná bibliografia
Médium: Kniha
Jazyk:Russian
German
Vydavateľské údaje: Moskva Russkij jazyk 1981
Vydanie:2. stereotip. izd.
Tagy: Pridať tag
Žiadne tagy, Buďte prvý, kto otaguje tento záznam!

MARC

LEADER 00000nam a2200000 4500
001 c129084
005 20250711122743.4
041 0 |a rus 
041 0 |a ger 
044 |a RU 
245 1 0 |a Nemecko-russkij ekonomičeskij slovar'  |b okolo 45 000 terminov  |c Izrail' Solomonovič Bljach, Ljudmila Timofejevna Bagma 
250 |a 2. stereotip. izd. 
264 1 |a Moskva  |b Russkij jazyk  |c 1981 
300 |a 664 s.